000 00790nam a2200265Ia 4500
003 OSt
005 20220918164340.0
006 a|||||r|||| 00| 0
007 ta
008 220917b |||||||| |||| 00| 0 eng d
020 _a0521622808
024 _a2,326
037 _cTextual
040 _aARTS
_cARTS
_beng
041 _2eng
_aeng
082 _aO111,3:g, N8
100 _aDever Carolyn
_918482
245 0 _aDeath and the mother from Dickens to Freud
_b Victorian fiction and the anxiety of origins
260 _aCambridge
_bCUP
_c1998
300 _axv,233p
_ccm.
490 _aCambridge studies in nineteenth-century literature and culture
650 _aENGLISH LITERATURE
942 _hO111,3:g, N8
_cTEXL
_2CC
999 _c124388
_d124388